000 00816nam a2200241Ia 4500
001 Z_3465
003 CHAP
008 220113s2000 xx 000 0 und d
010 _a166578
040 _cCHAP
082 _a636.39 R4 2000
100 _aReunión Nacional sobre Caprinocultura (15: 2000:Mérida, Yucatán)
_9140646
245 _aMemorias /
_cpor Asociación Mexicana de Producción Caprina, A.C.
260 _aMéxico :
_bUniversidad Autónoma de Yucatán. Facultad de Medicina Veterinaria y Zootecnia,
_c2000
300 _a221 p. cuad. ; gráfs.
650 _aGanado cabrío
_xCongresos I. Universidad Autónoma de Yucatán II. Asociación Mexicana de Producción Caprina, A.C.
_9140647
901 _a636.39 R4 2000
902 _aM
910 _a2000
942 _c1
942 _cc1
999 _c166578
_d166578